000 00659nam a22002057a 4500
003 0
005 20160609171818.0
008 130627t xxu||||| |||| 00| 0 eng d
020 _a2257132831
040 _aBUAC
_bFre
_cBFSS
100 _aBasdevant, Arnaud
_924863
245 _aTraité de nutrition clinique de l'adulte
_c/par: Arnaud Basdevant; Martine Laville; Eric Lerebours
260 _aParis
_bFlammarion médecine-sciences
_c2001
300 _a723p.
_bill., tabl., fig.
_c28cm
440 _a(Traités)
_924864
504 _aNotes bibliogr. Index
653 _aNutrition: adulte
700 _aLaville, Martine; Lerebours, Eric
_924865
942 _cLIVR
999 _c51603
_d51603